LEADER 00509oam 2200181z- 450 001 9910619128603321 005 20160814153841.0 010 $a0-7695-4694-3 035 $a(CKB)3360000000370719 035 $a(EXLCZ)993360000000370719 100 $a20121018c2012uuuu -u- - 101 0 $aeng 200 $a2012 IEEE/ACIS 11th International Conference on Computer and Information Science 210 $aShanghai, China 906 $aPROCEEDING 912 $a9910619128603321 996 $a2012 IEEE$92494644 997 $aUNINA